<?xml version="1.0" encoding="UTF-8"?><?xml-stylesheet type="text/xsl" href="static/style.xsl"?><OAI-PMH xmlns="http://www.openarchives.org/OAI/2.0/" xmlns:xsi="http://www.w3.org/2001/XMLSchema-instance" xsi:schemaLocation="http://www.openarchives.org/OAI/2.0/ http://www.openarchives.org/OAI/2.0/OAI-PMH.xsd"><responseDate>2026-04-13T01:39:41Z</responseDate><request verb="GetRecord" identifier="oai:www.recercat.cat:2117/442288" metadataPrefix="marc">https://recercat.cat/oai/request</request><GetRecord><record><header><identifier>oai:recercat.cat:2117/442288</identifier><datestamp>2025-09-24T13:07:25Z</datestamp><setSpec>com_2072_1033</setSpec><setSpec>col_2072_452951</setSpec></header><metadata><record xmlns="http://www.loc.gov/MARC21/slim" xmlns:dcterms="http://purl.org/dc/terms/" xmlns:xsi="http://www.w3.org/2001/XMLSchema-instance" xmlns:doc="http://www.lyncode.com/xoai" xsi:schemaLocation="http://www.loc.gov/MARC21/slim http://www.loc.gov/standards/marcxml/schema/MARC21slim.xsd">
   <leader>00925njm 22002777a 4500</leader>
   <datafield ind2=" " ind1=" " tag="042">
      <subfield code="a">dc</subfield>
   </datafield>
   <datafield ind2=" " ind1=" " tag="720">
      <subfield code="a">Juaristi Elguea, Mikel</subfield>
      <subfield code="e">author</subfield>
   </datafield>
   <datafield ind2=" " ind1=" " tag="260">
      <subfield code="c">2025-07</subfield>
   </datafield>
   <datafield ind2=" " ind1=" " tag="520">
      <subfield code="a">This thesis presents the modeling and control of a grid-forming voltage source converter (VSC) intended for offshore wind power plant applications. The main objective is to develop a control strategy capable of estimating the strength of the grid (commonly referred to as grid impedance or short-circuit ratio) in order to adapt the converter’s behavior accordingly. The system is designed to operate reliably in both weak and strong grid conditions, and to provide functionalities such as voltage and frequency support. The methodology is based on a full simulation model built in MATLAB/Simulink. The model includes a back-to-back converter, offshore transformer, grid models of varying impedance, and control blocks implementing virtual admittance and Q/V droop strategies. Additionally, a method for online grid strength estimation is integrated into the model. Several test scenarios—both under nominal and fault conditions—are evaluated to verify the performance of the converter in grid-forming mode. Results show that the proposed converter control can maintain stable operation and contribute to system support even in weak grid environments. The implementation of the grid strength estimation algorithm enables adaptive behavior, which is crucial for ensuring compliance with national grid codes and improving the robustness of future offshore wind systems. The work concludes that the integration of advanced grid-forming strategies is not only technically feasible but also essential for the evolving power systems landscape.</subfield>
   </datafield>
   <datafield ind1="8" ind2=" " tag="024">
      <subfield code="a">http://hdl.handle.net/2117/442288</subfield>
   </datafield>
   <datafield tag="653" ind2=" " ind1=" ">
      <subfield code="a">Àrees temàtiques de la UPC::Energies::Energia eòlica</subfield>
   </datafield>
   <datafield tag="653" ind2=" " ind1=" ">
      <subfield code="a">Wind power</subfield>
   </datafield>
   <datafield tag="653" ind2=" " ind1=" ">
      <subfield code="a">Offshore structures</subfield>
   </datafield>
   <datafield tag="653" ind2=" " ind1=" ">
      <subfield code="a">Energia eòlica</subfield>
   </datafield>
   <datafield tag="653" ind2=" " ind1=" ">
      <subfield code="a">Estructures marines</subfield>
   </datafield>
   <datafield ind2="0" ind1="0" tag="245">
      <subfield code="a">Grid strength estimation for offshore wind power plant with back-to-back converters</subfield>
   </datafield>
</record></metadata></record></GetRecord></OAI-PMH>